00646nam a22002057a 450000500170000001000260001702000260004303500140006903500180008303700130010103700130011408200100012710000240013724500730016125000110023426000320024527000860027730000260036350000510038920180210144414.0 a1718EN-30 ENG-121791 a9789332583269c529.00 aEN-105323 aB-684001-4007 bBSBadpl bDBAD/PUB a158.3 aGladding, Samuel T. aCounseling : cby Samuel T. Gladding ba comprehensive profession /  a7th ed c2017aNoida bPearson India a15th Floor,, Tower-B, World Trade, Plot No.1, Block-C, Sector-16,bNoida e201301 c23cm(pbk)axix,487p.  aIncludes bibliographical references and index